[Event "EU-ch Online U12"]
[Site "Tornelo INT"]
[Date "2020.09.19"]
[Round "6"]
[White "Cappan, Stan"]
[Black "Kalin, Andrei"]
[Result "0-1"]
[WhiteElo "1332"]
[BlackElo "1269"]
[PlyCount "52"]
[EventDate "2020.09.18"]
[EventType "swiss (rapid)"]
[EventRounds "9"]
[EventCountry "NET"]
[SourceTitle "EXT 2023"]
[Source "ChessBase"]
[SourceDate "2022.10.05"]
[SourceVersion "1"]
[SourceVersionDate "2022.10.05"]
[SourceQuality "1"]
[WhiteTeam "Belgien"]
[BlackTeam "Macedonia"]
[WhiteTeamCountry "BEL"]
[BlackTeamCountry "MKD"]

1. e4 c5 2. Nf3 d6 3. Nc3 Nf6 4. Bc4 Nc6 5. d3 g6 6. Bg5 Bg7 7. Qd2 0-0 8. 0-0-0 a6 9. Rdg1 b5 10. Bd5 Bb7 11. g4 Qc7 12. h4 Ne5 13. Bxb7 Nxf3 14. Qf4 Nxg1 15. Bxa8 b4 16. Rxg1 bxc3 17. Bd5 Nxd5 18. exd5 cxb2+ 19. Kb1 Rb8 20. Re1 Re8 21. Qe4 h6 22. Bxe7 Bf8 23. Qa4 Rxe7 24. Rxe7 Qxe7 25. Kxb2 Bg7+ 26. Kb1 Qe1# 0-1